000
00281nam a2200109 4500
008
160623b xxu||||| |||| 00| 0 eng d
100
_9
681
_a
Clark, W.G
245
_a
William Shakespeare
260
_a
N.Y
_b
Nelson Doubleday . Com
300
_a
William Shakespeare
942
_2
ddc
_c
BK
999
_c
550
_d
550